|
|
|
|
| LEADER |
00000nab a2200000 a 4500 |
| 001 |
vtls000791472 |
| 003 |
SK-MaSNL |
| 005 |
20260302160050.0 |
| 008 |
180205c2002 xo 0 slo |
| 015 |
|
|
|a SNBRB2002/04-12954
|
| 035 |
|
|
|a CLN000143127
|
| 040 |
|
|
|a SNKBUCL
|b slo
|c SNKBUCL
|e AACR2
|
| 041 |
0 |
|
|a slo
|
| 044 |
|
|
|a xo
|c SK
|
| 080 |
|
|
|a 654.191(437.6)
|2 UDC-MRF-SK2
|
| 100 |
0 |
|
|a (kul)
|4 aut
|9 849659
|
| 245 |
1 |
0 |
|a Radio Slovakia International stavilo na medzinárodnú spoluprácu
|b zrodila sa plodná kooperácia šíriteľov ...
|c [autor] (kul)
|
| 300 |
|
|
|b Fotogr.
|
| 610 |
|
7 |
|a Radio Slovakia International (Bratislava, Slovensko)
|2 snkbucl
|9 855570
|
| 655 |
|
7 |
|a články z novín a časopisov
|2 snkbucl
|9 267496
|
| 773 |
0 |
|
|x 1335-4671
|t Národná obroda
|g Roč. 13, č. 84 (11.4.2002), s. 15
|
| 850 |
|
|
|a Slovenská národná knižnica v Martine
|
| 852 |
|
|
|a SNK
|b KIS3GCP
|
| 958 |
|
|
|a RBX
|
| 999 |
|
|
|c 1373413
|d 1375343
|